000 01787nam a22003977a 4500
001 332
003 FISKH
005 20250723090952.0
008 230324b cb ||||| |||| 00| 0 eng d
020 _a9781584302834
040 _aDLC
_cDLC
_dDLC
_dFISKH
_beng
042 _alcac
043 _an-us---
050 0 0 _aPS3563.E2414
_bL68 2002
082 0 0 _a811/.54
_221
100 1 _aMedina, Tony.
245 1 0 _aLove to Langston /
_cby Tony Medina ; illustrated by R. Gregory Christie.
260 _aNew York :
_bLee & Low Books,
_c2002.
300 _a40 unnumbered pages :
_bcolor illustraions ;
_c28 cm
505 _aP
520 _aFourteen original poems offer young readers an exciting glimpse into the life of Langston Hughes, one of America's most beloved poets. Each of Medina's engaging poems explores an important theme in Hughes' life - his lonely childhood, his love of language and travel, his dream of writing poetry. Extensive notes at the back of the book expand upon the poems, giving a broader picture of Hughes' life and the time in which he lived. With stunning illustrations by R. Gregory Christie, Love To Langston brings Langston Hughes to life for a new...
521 8 _a620
_bLexile estimate
521 8 _aP
_bRaz-Plus
600 1 0 _aHughes, Langston,
_d1902-1967
_vJuvenile poetry.
600 1 1 _aHughes, Langston,
_d1902-1967
_vPoetry.
650 0 _aAfrican American poets
_vJuvenile poetry.
650 0 _aChildren's poetry, American.
650 0 _aPoets
_vJuvenile poetry.
650 1 _aPoets, American
_vPoetry.
650 1 _aAfrican Americans
_vPoetry.
650 1 _aAmerican poetry.
700 1 _aChristie, R. Gregory,
_d1971-
_eillustrator
906 _a7
_bcbc
_corignew
_d1
_eocip
_f20
_gy-gencatlg
942 _2ddc
_cBK
_n0
999 _c332
_d332